[Event "Miquel Mas op 19th"]
[Site "Castell de Sant Ferran"]
[Date "2018.08.09"]
[Round "1"]
[White "Gac, Jean Luc"]
[Black "Nunez Colome, David"]
[Result "0-1"]
[WhiteElo "1486"]
[BlackElo "1970"]
[PlyCount "80"]
[EventDate "2018.08.09"]
[EventType "swiss"]
[EventRounds "9"]
[EventCountry "ESP"]
[SourceTitle "CBM 186 Extra"]
[Source "ChessBase"]
[SourceDate "2018.08.24"]
[SourceVersion "1"]
[SourceVersionDate "2018.08.24"]
[SourceQuality "1"]

1. e4 e6 2. d4 d5 3. e5 c5 4. c3 Nc6 5. Nf3 Qb6 6. a3 a5 7. b3 Bd7 8. a4 cxd4 9. cxd4 Bb4+ 10. Bd2 Nxd4 11. Bxb4 Qxb4+ 12. Nbd2 Nxf3+ 13. Qxf3 Qd4 14. Rc1 Qxe5+ 15. Be2 Nf6 16. 0-0 0-0 17. Rfe1 Qd6 18. Red1 Qb6 19. Qg3 Rac8 20. Rb1 Qb4 21. f3 Rc2 22. Qe1 Rfc8 23. Kh1 b5 24. Bd3 R2c3 25. Bxb5 Bxb5 26. axb5 Qxb5 27. Qf2 Rc2 28. h3 Qb4 29. Qe1 h6 30. Ra1 Rb2 31. Ra4 Qb5 32. Raa1 Rcc2 33. Qe3 d4 34. Qe1 Qg5 35. h4 Qf4 36. Rxa5 Rxd2 37. Rxd2 Qxd2 38. Qxd2 Rxd2 39. Kg1 Rb2 40. Rb5 Nd5 0-1

[Event "Figueres op-B 18th"]
[Site "Figueres"]
[Date "2017.08.12"]
[Round "3"]
[White "Van Decraen, Roger"]
[Black "Gac, Jean Luc"]
[Result "1/2-1/2"]
[WhiteElo "1752"]
[BlackElo "1447"]
[PlyCount "42"]
[EventDate "2017.08.10"]
[EventType "swiss"]
[EventRounds "9"]
[EventCountry "ESP"]
[SourceTitle "EXT 2019"]
[Source "ChessBase"]
[SourceDate "2018.10.10"]
[SourceVersion "1"]
[SourceVersionDate "2018.10.10"]
[SourceQuality "1"]

1. d4 Nf6 2. Nf3 g6 3. c4 Bg7 4. Nc3 d5 5. cxd5 Nxd5 6. e4 Nxc3 7. bxc3 c5 8. Be3 cxd4 9. cxd4 0-0 10. Qd2 Nc6 11. Rb1 Qa5 12. Qxa5 Nxa5 13. Be2 e6 14. 0-0 b5 15. Rfd1 Rd8 16. d5 exd5 17. exd5 Nb7 18. Rbc1 Nd6 19. Rc7 Ne8 20. Rcc1 Bb7 21. Bf4 Nd6 1/2-1/2

[Event "Brest op"]
[Site "Brest"]
[Date "2012.04.07"]
[Round "1.10"]
[White "Cogan, Nicolas"]
[Black "Gac, Jean Luc"]
[Result "1-0"]
[WhiteElo "1898"]
[BlackElo "1505"]
[PlyCount "57"]
[EventDate "2012.04.??"]
[EventType "swiss"]
[EventRounds "7"]
[EventCountry "FRA"]
[SourceTitle "EXT 2014"]
[Source "ChessBase"]
[SourceDate "2013.11.20"]
[SourceVersion "1"]
[SourceVersionDate "2013.11.20"]
[SourceQuality "1"]

1. d4 Nf6 2. c4 g6 3. Nc3 d5 4. cxd5 Nxd5 5. Bd2 Nxc3 6. Bxc3 Bg7 7. e4 Nd7 8. Nf3 c5 9. d5 Bxc3+ 10. bxc3 Qa5 11. Qd2 Qc7 12. Bd3 Ne5 13. Nxe5 Qxe5 14. Bb5+ Bd7 15. Bxd7+ Kxd7 16. f3 f5 17. 0-0 f4 18. Qb2 Qc7 19. Rfe1 Qb6 20. Qd2 g5 21. Rab1 Qc7 22. e5 b6 23. Qd3 Raf8 24. Qa6 Rb8 25. Rbd1 c4 26. Kh1 Rbd8 27. d6 exd6 28. exd6 Kc6 29. dxc7 1-0

[Event "Angers op 4th"]
[Site "Angers"]
[Date "2009.04.17"]
[Round "1"]
[White "Trouve, Guillaume"]
[Black "Gac, Jean Luc"]
[Result "1-0"]
[WhiteElo "1530"]
[BlackElo "1700"]
[PlyCount "153"]
[EventDate "2009.04.17"]
[EventType "swiss"]
[EventRounds "6"]
[EventCountry "FRA"]
[SourceTitle "CBM 129 Extra"]
[Source "ChessBase"]
[SourceDate "2009.05.05"]
[SourceVersion "2"]
[SourceVersionDate "2009.05.20"]
[SourceQuality "1"]

1. e4 Nf6 2. e5 Nd5 3. d4 d6 4. Nf3 Bg4 5. Be2 c6 6. 0-0 Nd7 7. Re1 Qc7 8. exd6 Qxd6 9. h3 Bh5 10. c4 Nf4 11. Bxf4 Qxf4 12. Nc3 e6 13. Qc1 Bd6 14. Qxf4 Bxf4 15. d5 Bxf3 16. Bxf3 Be5 17. Rab1 Bxc3 18. bxc3 cxd5 19. cxd5 Nc5 20. dxe6 fxe6 21. Bxb7 Rd8 22. Bc6+ Ke7 23. Rb5 Kd6 24. Bf3 Rc8 25. c4 Rhf8 26. Bb7 Rc7 27. Be4 h6 28. f3 Rf6 29. Rbb1 Ke5 30. Rbd1 Rf8 31. g3 Rb8 32. Rd2 Rb4 33. Kg2 Kf6 34. Rc2 Nd7 35. Rec1 Rc5 36. f4 Nb6 37. Bd3 Na4 38. Kh2 Rb2 39. Rxb2 Nxb2 40. Bf1 g5 41. fxg5+ Kxg5 42. h4+ Kf6 43. Rc2 Na4 44. g4 e5 45. Rf2+ Kg7 46. Rf5 Nb6 47. Kg3 a5 48. h5 a4 49. Kh4 a3 50. Kg3 Nd7 51. Rf3 Ra5 52. Rb3 Nc5 53. Rb5 Rxb5 54. cxb5 Kf6 55. b6 Kg5 56. Bb5 e4 57. Bc6 e3 58. Kf3 e2 59. Kxe2 Kxg4 60. b7 Na6 61. Kd2 Kxh5 62. Kc3 Kg5 63. Kc4 Kf6 64. Kb5 Nb8 65. Bh1 Ke6 66. Ka4 Kd6 67. Kxa3 Kc7 68. Kb4 Nd7 69. Kb5 h5 70. a4 h4 71. a5 Nb8 72. a6 Nxa6 73. Kxa6 Kb8 74. Bg2 h3 75. Bxh3 Kc7 76. Ka7 Kd6 77. b8Q+ 1-0

[Event "Brest op"]
[Site "Brest"]
[Date "2009.04.12"]
[Round "3"]
[White "Gac, Jean Luc"]
[Black "Collin, Jean Philippe"]
[Result "0-1"]
[WhiteElo "1700"]
[BlackElo "1700"]
[PlyCount "82"]
[EventDate "2009.04.11"]
[EventType "swiss"]
[EventRounds "7"]
[EventCountry "FRA"]
[SourceTitle "EXT 2011"]
[Source "ChessBase"]
[SourceDate "2010.11.26"]
[SourceVersion "1"]
[SourceVersionDate "2010.11.26"]
[SourceQuality "1"]

1. e4 d5 2. exd5 Nf6 3. Nc3 Nxd5 4. Qf3 Nxc3 5. Qxc3 Nc6 6. Nf3 Bf5 7. Bb5 Qd5 8. Bxc6+ Qxc6 9. Qxc6+ bxc6 10. Nd4 Be4 11. f3 Bd5 12. d3 e5 13. Ne2 Bc5 14. a3 a5 15. c3 0-0 16. c4 Be6 17. Kd2 Rfd8 18. Kc2 Rd7 19. Rd1 Rad8 20. Ng3 Bxc4 21. Bg5 Bxd3+ 22. Kb3 f6 23. Ne4 Be7 24. Bh4 g5 25. Be1 a4+ 26. Kc3 Bf1 27. Rxd7 Rxd7 28. g4 Be2 29. Nd2 e4 30. fxe4 Bxg4 31. Rc1 h5 32. h4 Be2 33. Nb1 Bb5 34. Nd2 Rd3+ 35. Kc2 Rh3 36. hxg5 fxg5 37. Kd1 g4 38. Rc2 Rh1 39. Nb1 Bh4 40. Re2 Bxe2+ 41. Kxe2 Rxe1+ 0-1

[Event "FRA-ch op-D"]
[Site "Pau"]
[Date "2008.08.15"]
[Round "4"]
[White "Gac, Jean Luc"]
[Black "Lallement, Jose"]
[Result "0-1"]
[WhiteElo "1449"]
[BlackElo "1490"]
[PlyCount "108"]
[EventDate "2008.08.11"]
[EventType "swiss"]
[EventRounds "9"]
[EventCountry "FRA"]
[SourceTitle "CBM 126 Extra"]
[Source "ChessBase"]
[SourceDate "2008.11.05"]
[SourceVersion "1"]
[SourceVersionDate "2008.11.05"]
[SourceQuality "1"]

1. e4 c5 2. c3 d6 3. d4 cxd4 4. cxd4 a6 5. Nf3 Bg4 6. Be2 e6 7. 0-0 Nf6 8. h3 Bh5 9. Bg5 Nbd7 10. Nbd2 Be7 11. e5 Nd5 12. Bxe7 Qxe7 13. Qb3 b5 14. Rac1 0-0 15. Bd3 f5 16. exf6 N7xf6 17. Rfe1 h6 18. Bf5 Bf7 19. Be4 Nxe4 20. Rxe4 Qd7 21. Nh4 Rfc8 22. Rce1 Qc6 23. Ndf3 Qc2 24. g4 Qxb3 25. axb3 Rc2 26. R1e2 Rac8 27. g5 Rxe2 28. Rxe2 Nf4 29. Rd2 Nxh3+ 30. Kf1 hxg5 31. Ng2 Bh5 32. Nfe1 Rc1 33. Rd3 Nf4 34. Nxf4 gxf4 35. f3 Bg6 36. Rd2 Kf7 37. Ke2 Kf6 38. Ng2 Kg5 39. Ne1 Kh4 40. Ng2+ Kg3 41. Ne1 Bf5 42. d5 e5 43. Kf1 Bh3+ 44. Ke2 Bf5 45. Kf1 Bh3+ 46. Ke2 g5 47. Rd3 g4 48. fxg4+ Kxg4 49. Rd2 e4 50. Rd4 Kf5 51. Rd2 Bg4+ 52. Kf1 e3 53. Rd4 Ke5 54. Rb4 Rd1 0-1

[Event "Angers op 2nd"]
[Site "Angers"]
[Date "2007.04.14"]
[Round "4.36"]
[White "Gac, Jean Luc"]
[Black "Fermen, Guy"]
[Result "1/2-1/2"]
[WhiteElo "1530"]
[BlackElo "1730"]
[PlyCount "78"]
[EventDate "2007.04.13"]
[EventType "swiss"]
[EventRounds "6"]
[EventCountry "FRA"]
[SourceTitle "CBM 117 Extra"]
[Source "ChessBase"]
[SourceDate "2007.05.09"]
[SourceVersion "1"]
[SourceVersionDate "2007.05.09"]
[SourceQuality "1"]

1. e4 e5 2. Nf3 Nc6 3. d4 exd4 4. Bc4 Be7 5. Nxd4 Nf6 6. Nxc6 dxc6 7. Qxd8+ Bxd8 8. Nc3 0-0 9. 0-0 b5 10. Bd3 Re8 11. f3 a6 12. Bf4 Bb7 13. Rad1 Nh5 14. Be3 Be7 15. g4 Nf6 16. Bf4 Bd6 17. Bd2 Nd7 18. Be1 Ne5 19. Bg3 Ng6 20. Ne2 Bxg3 21. hxg3 Ne5 22. Kf2 Rad8 23. Rh1 c5 24. Nf4 Rd6 25. Be2 Red8 26. Rxd6 cxd6 27. Rd1 Kf8 28. Nd3 Ke7 29. Nxe5 dxe5 30. Rxd8 Kxd8 31. Ke3 g5 32. f4 f6 33. fxe5 fxe5 34. c3 Kc7 35. Bd1 a5 36. a3 Kb6 37. b4 Bc6 38. Bb3 c4 39. Bd1 a4 1/2-1/2

[Event "Gorges op 14th"]
[Site "Gorges"]
[Date "2004.07.04"]
[Round "2"]
[White "Rogel, Thomas"]
[Black "Gac, Jean Luc"]
[Result "1-0"]
[WhiteElo "1250"]
[BlackElo "1540"]
[PlyCount "71"]
[EventDate "2004.07.08"]
[EventType "swiss"]
[EventRounds "7"]
[EventCountry "FRA"]
[SourceTitle "EXT 2005"]
[Source "ChessBase"]
[SourceDate "2004.11.15"]
[SourceVersion "1"]
[SourceVersionDate "2004.11.15"]
[SourceQuality "1"]

1. e4 c5 2. Nf3 Nc6 3. d4 cxd4 4. Nxd4 Nf6 5. Nc3 e5 6. Nf3 Bb4 7. Bd2 0-0 8. Bb5 Bxc3 9. Bxc3 d6 10. Qd3 Qc7 11. 0-0 Bg4 12. h3 Bh5 13. Nh4 Ne7 14. Rfe1 a6 15. Qc4 Rac8 16. Qxc7 Rxc7 17. Bd3 Rfc8 18. Bb4 Ne8 19. Rac1 b5 20. Ba5 Rc6 21. Nf5 Nxf5 22. exf5 f6 23. Be4 Rc5 24. Bb6 Bf7 25. Bxc5 Rxc5 26. Re3 d5 27. Bf3 d4 28. Ra3 Nc7 29. Be4 b4 30. Rf3 a5 31. c3 Bxa2 32. Rg3 a4 33. c4 Bb3 34. Bc2 Rxc4 35. Bxb3 axb3 36. Rxc4 1-0